000 01257nam a22003377a 4500
003 CHAP
005 20220329143311.0
008 080328d2007 es a r 00110 spa d
010 _a94656
011 _a95628
020 _a8429172246
035 _a106256
040 _cCHAP
082 0 4 _a545
_bH3Y 2007
100 0 0 _aHarris, Daniel C.
_952851
245 1 0 _aAnálisis químico cuantitativo
_c/por Daniel C. Harris
250 _a3 ed.
260 _aBarcelona :
_bReverté,
_cc2007
300 _axv, 532 p. :
_bilus. ; gráfs.
500 _aTrad. de : Quantitative chemical analysis, 6 ed. de c2003
590 _aBATCH-UPD
_b10
_c20130110
_lUCH01
_h0648
590 _aBATCH-UPD
_b10
_c20130410
_lUCH01
_h0333
590 _aBATCH-UPD
_b10
_c20130914
_lUCH01
_h1602
590 _aCONVERSION
_b10
_c20130109
_lUCH01
_h1352
650 1 4 _aQuímica analítica cuantitativa.
_993587
901 _aBK
942 _cLIBRO
949 _a545 H3y 2007
_bBC
_cLIBRO
_d33724002208884
_eLIBRO
_fc.3
_h78343 sust. X
_i106256
_mEste ejemplar ha sustituido a la copia 7 del registro bib. 43825
_si
949 _a545 H3Y 2007
_bBC
_cLIBRO
_d33724002259033
_eLIBRO
_h109018
_i106256
_si
_t$395.00
949 _a545 H3Y 2007
_bBC
_cLIBRO
_d33724002259040
_eLIBRO
_fc.2
_h109019
_i106256
_si
_t$395.00
999 _c94656
_d94656